| 000 | 00647nam a2200253Ia 4500 | ||
|---|---|---|---|
| 003 | OSt | ||
| 005 | 20221005040103.0 | ||
| 006 | a|||||r|||| 00| 0 | ||
| 007 | ta | ||
| 008 | 221004b |||||||| |||| 00| 0 eng d | ||
| 024 | _a44531 | ||
| 037 | _cTextual | ||
| 040 |
_aCRL _cCRL _beng |
||
| 041 |
_2eng _aeng |
||
| 082 | _aO44:v2:M5, D7-;1 | ||
| 100 | _aFrazer R W | ||
| 245 | 0 | _aLiterary history of India | |
| 260 |
_aDelhi _bMittal _c1907 |
||
| 300 |
_a470p _ccm. |
||
| 650 | _a ENGLISH LITERATURE | ||
| 650 | _aINDIAN LITERATURE | ||
| 942 |
_hO44:v2:M5, D7-;1 _cTEXL _2cc |
||
| 999 |
_c946334 _d946334 |
||